000 00623nam a2200277Ia 4500
005 20260324131919.0
008 008 260324s9999 xx 000 0 eng d
020 _a9781315079509
037 _aEBOOK
040 _aCRL
040 _beng
040 _cCRL
041 _2eng
041 _aeng
084 _qCRL
100 _aAndre Coret
_91187324
245 0 _aLa-préhension du réel
260 _bTaylor and Francis
260 _c2005
365 _a
365 _b120
856 _uhttp://www.taylorfrancis.com/books/9781315079509
942 _cEBOOK
999 _c1784903
_d1784903